| 000 | 00493cam a2200193ua 4500 | ||
|---|---|---|---|
| 020 |
_a0-07-451853-4 _c150.00 |
||
| 041 |
_aeng _h |
||
| 082 |
_a621.381 _bRAM/FU |
||
| 100 | _aRaman, K V . | ||
| 245 |
_aFunctional electronics / _cK V Raman. _hTextual Documents |
||
| 260 |
_aNew Delhi : _bTata Mc-Graw Hill Publishing Company , _c1995. |
||
| 300 | _a751 ; . | ||
| 365 | _a150.00 | ||
| 500 | _a*CSS | ||
| 504 | _a | ||
| 942 | _cBK | ||
| 999 |
_c11068 _d11068 |
||